Statistiche per Frasi celebri - parte 4

Clicka qui per fare il quiz!

Statistiche generali

  • Questo quiz è stato fatto 49 volte
  • Il punteggio medio è 3 su 10

Statistiche sulle risposte

FrasePersonaggio% Corretto
La miglior Ferrari che sia mai stata costruita è la prossima.Enzo Ferrari
85%
Io non so con quali armi sarà combattuta la terza guerra mondiale, ma so che la quarta sarà combattuta con pietre e bastoni.Albert Einstein
69%
La moda è fatta per andare fuori moda.Coco Chanel
44%
Non chiederti cosa può fare il tuo Paese per te, chiediti cosa puoi fare tu per il tuo Paese.John Fitzgerald Kennedy
33%
A volte fare del proprio meglio non è abbastanza. Bisogna fare ciò che è necessario.Winston Churchill
31%
Gli uomini dovrebbero ignorare come vengono fatte le leggi e le loro salsicce.Otto Von Bismarck
15%
O troveremo una strada o ne costruiremo una.Annibale
13%
La storia mi assolveràFidel Castro
13%
Abbiamo sconfitto il nemico sbagliato.George Smith Patton
5%
Io non parlo con gli uomini. Parlo solo con Dio.Ludwig Van Beethoven
5%

Distribuzione punteggi

Percentile per numero di risposta

Percentuale di utenti per punteggio

I tuoi punteggi nel tempo

Non hai fatto questo quiz